Dans quelle série ont joué ces personnages ? - Statistiques

Statistiques générales
  • Ce quiz a été pris 758 fois
  • Le résultat moyen est 30 sur 45
Statistiques - réponses
Question Tuile Select % Correct
Qui sont les personnages de Grey's Anatomy ? Oui
94%
Qui sont les personnages de Grey's Anatomy ? Non
90%
Qui sont les personnages de Grey's Anatomy ? Oui
87%
Qui sont les personnages de Grey's Anatomy ? Non
87%
Qui sont les personnages de Grey's Anatomy ? Non
86%
Qui sont les personnages de Vikings ? Non
86%
Qui sont les personnages de Grey's Anatomy ? Oui
83%
Qui sont les personnages dans Orange is the New Black ? Oui
81%
Qui sont les personnages de Grey's Anatomy ? Oui
80%
Qui sont les personnages de Vikings ? Oui
80%
Qui sont les personnages dans Orange is the New Black ? Non
80%
Qui sont les personnages de Vikings ? Non
78%
Qui sont les personnages dans Orange is the New Black ? Oui
78%
Qui sont les personnages dans Orange is the New Black ? Non
77%
Qui sont les personnages de Modern Family ? Non
75%
Qui sont les personnages de Modern Family ? Non
75%
Qui sont les personnages de Vikings ? Non
74%
Qui sont les personnages de Modern Family ? Non
73%
Qui sont les personnages de Grey's Anatomy ? Non
72%
Qui sont les personnages de Vikings ? Oui
70%
Qui sont les personnages dans Orange is the New Black ? Non
70%
Qui sont les personnages dans Orange is the New Black ? Oui
69%
Qui sont les personnages de Modern Family ? Oui
67%
Qui sont les personnages de Modern Family ? Oui
67%
Qui sont les personnages dans Orange is the New Black ? Non
67%
Qui sont les personnages dans Orange is the New Black ? Non
63%
Qui sont les personnages de Modern Family ? Oui
62%
Qui sont les personnages de Modern Family ? Non
62%
Qui sont les personnages de Vikings ? Oui
60%
Qui sont les personnages dans How to get away this Murder ? Non
60%
Qui sont les personnages de Modern Family ? Oui
58%
Qui sont les personnages dans How to get away this Murder ? Non
55%
Qui sont les personnages de Vikings ? Oui
54%
Qui sont les personnages dans How to get away this Murder ? Non
54%
Qui sont les personnages dans How to get away this Murder ? Oui
54%
Qui sont les personnages dans How to get away this Murder ? Non
53%
Qui sont les personnages de Vikings ? Non
52%
Qui sont les personnages de Modern Family ? Oui
50%
Qui sont les personnages de Grey's Anatomy ? Oui
49%
Qui sont les personnages dans Orange is the New Black ? Oui
48%
Qui sont les personnages dans How to get away this Murder ? Oui
46%
Qui sont les personnages dans How to get away this Murder ? Oui
46%
Qui sont les personnages dans How to get away this Murder ? Oui
45%
Qui sont les personnages dans How to get away this Murder ? Oui
45%
Qui sont les personnages de Vikings ? Non
44%
Aucun quiz correspondant
Distribution des résultats
% des personnes avec chaque résultat
Percentile par nombre de réponses
Votre historique - résultats
Vous n’avez pas pris ce quiz